000
00317nam a22001337a 4500
008
171027b xxu||||| |||| 00| 0 eng d
020
_a
9789994349050
041
_a
alb
080
_a
336
100
_a
56
101
_a
FIN
245
_a
TREGJET FINANCIARE INSTRUMENTET DHE VEPRIMET E TYRE
_c
PANO,A
942
_2
udc
_c
BK
999
_c
36110
_d
36110